Wpływ niektórych parametrów procesu produkcji folii opakowaniowej na jej odporność na przebicie

Parametre v procese produkcie baliacej fólie. Ich vplyv na jej odolnosť voči poškodeniu.

Salvato in:
Dettagli Bibliografici
Autore principale: Pacana, Andrzej
Altri autori: Pacana, Jacek, Bednárová, Lucia, Liberko, Igor, Lew, Grzegorz
Natura: Capitolo di libro
Lingua:polacco
Soggetti:
Tags: Aggiungi Tag
Nessun Tag, puoi essere il primo ad aggiungerne!!

MARC

LEADER 00000naa a2200000 4500
001 0208199
005 20240502083520.8
041 0 |a pol 
044 |a PL 
245 1 0 |a Wpływ niektórych parametrów procesu produkcji folii opakowaniowej na jej odporność na przebicie  |c Andrzej Pacana, Jacek Pacana, Lucia Bednárová, Igor Liberko, Grzegorz Lew 
520 |a Parametre v procese produkcie baliacej fólie. Ich vplyv na jej odolnosť voči poškodeniu. 
610 2 0 |a obaly 
610 2 0 |a technika obalová 
610 2 0 |a produkcia 
610 2 0 |a parametre výrobkov technické 
100 1 |a Pacana, Andrzej 
700 1 |a Pacana, Jacek 
700 1 |a Bednárová, Lucia 
700 1 |a Liberko, Igor 
700 1 |a Lew, Grzegorz